| 000 | 01989nam a22002057a 4500 | ||
|---|---|---|---|
| 003 | IT-MiCISF | ||
| 005 | 20241230131555.0 | ||
| 008 | 241230b |||||||| |||| 00| 0 eng d | ||
| 040 | _cIT-MiCISF | ||
| 041 | _ait | ||
| 100 |
_aSchirripa Vincenzo _961295 |
||
| 245 |
_aInsegnare ai bambini. _bUna storia della formazione di maestre e maestri in Italia |
||
| 260 |
_aRoma, _bCarocci, _c2022 |
||
| 300 | _app. 134 | ||
| 500 | _ascuola, formazione, storia, società, legislazione | ||
| 520 | _aChe cosa serve per insegnare ai bambini e alle bambine? Quella dei maestri e delle maestre è una vocazione o una professione? La loro bravura è una questione di pedagogia o di cultura generale e preparazione disciplinare? Dalla patente per insegnare e dalle scuole normali ottocentesche, passando per l'istituto magistrale di epoca fascista e repubblicana, in Italia si è giunti alla laurea per maestri e maestre solo venticinque anni fa. I corsi universitari in Scienze della formazione primaria sono stati un riconoscimento tardivo di una categoria che si è costruita da sé una preparazione superiore a quella che gran parte della società si aspettava. Le università si sono trovate a rispondere a una nuova domanda di formazione e di istituzionalizzazione di saperi altri: un'occasione, ma anche una grande responsabilità. Il libro ripercorre la storia dell'istruzione normale e magistrale nell'Italia unita e si sofferma sui suoi sviluppi più recenti e meno studiati, con un'attenzione ai diversi mondi cui gli insegnanti appartengono. Attingendo a fonti ulteriori rispetto a quelle loro prescritte, maestre e maestri hanno saputo anche coltivare modi esigenti di stare accanto ai bambini. Ma non ci sono esperti che bastino: per le società contemporanee, che hanno affidato loro questo compito, un'attenzione più evoluta verso i piccoli della specie è un esercizio ancora urgente di intelligenza collettiva. | ||
| 650 | _aScuola | ||
| 654 | _asaggio | ||
| 942 |
_2ddc _cBK |
||
| 999 |
_c360327 _d360327 |
||